EVERY Snake in Metal Gear Solid - Statistics

General Stats
  • This quiz has been taken 61 times
  • The average score is 7 of 8
Answer Stats
Hint Answer % Correct
(Alias) Liquid Snake
100%
(Alias) Solid Snake
100%
(Alias) Solidus Snake
97%
First Codename Naked Snake
93%
(Phantom) Venom "Punished" Snake
93%
MGS4 Old Snake
83%
(Alias) Big Boss
76%
(Brief Codename) Snake
69%
No matching quizzes found
Score Distribution
Percent of People with Each Score
Percentile by Number Answered
Your Score History
You have not taken this quiz